| 000 | 00445nam a2200145Ia 4500 | ||
|---|---|---|---|
| 008 | 230917s9999||||xx |||||||||||||| ||und|| | ||
| 040 |
_e174182 _aMAIN |
||
| 041 | _aEnglish | ||
| 082 | _a891.437731 NH294J | ||
| 100 | _aनीरव, हनुमंतराय | ||
| 245 | 0 | _aजनता साथ है | |
| 260 |
_aरोहतक _bहिन्दी साहित्य संस्थान _c2006 |
||
| 300 | _a118 p. | ||
| 942 | _cHN | ||
| 999 |
_c144198 _d144198 |
||